000
00245nam a22001097a 4500
082
_a
080/DAS
100
_a
Das,Gaur Gopal
_9
82097
245
_a
You Can Have It All
260
_a
Harayana
_b
Harpercolins
_c
2026
650
_a
Motivation
942
_c
BK
999
_c
68708
_d
68708